000 00485nam a2200169Ia 4500
008 220204s9999 xx 000 0 und d
082 _a577.336
_bJAR
100 _aJARDETZKY, Oleg
245 0 _aNMR in molecular biology
260 _aNew York
_bAcademic
_c1981
490 _aMolecular biology. Ed by Bernard Horecker and others
650 _aNMR Spectra
650 _aNuclear magnetic resonance
650 _aProtein-ligand interaction
700 _aROBERTS, G C K
942 _cBK
999 _c36810
_d36810